Statistics for Most Subscribed YouTube Vlog Channels

Click here to take the quiz!

General Stats

  • This quiz has been taken 22 times
  • The average score is 3 of 15

Answer Stats

Rank YouTuber Username Creator(s) # of Subscribers % Correct
#3shaneShane Dawson6,974,442
70%
#1Good Mythical MorningRhett McLaughlin and Link Neal10,478,723
65%
#2BFvsGFJesse Wellens and Jeana Smith8,910,962
50%
#4ConnorFrantaConnor Franta5,515,273
50%
#11AmazingPhilPhil Lester3,558,540
45%
#8SHAYTARDSShay Carl4,320,660
30%
#9PsychoSopranoColleen Evans4,141,648
10%
#14PointlessBlogVlogsAlfred Deyes (Alfie)3,257,444
10%
#6Smosh 2nd ChannelAnthony Padilla and Ian Hecox5,209,066
5%
#13boogie2988Steven Williams (Francis)3,360,082
5%
#5luisitoreyLuisito Rey5,355,862
0%
#7TheKateClappKate Clapp4,450,866
0%
#10sWooZieAdande Thorne4,135,641
0%
#12hajimeGeorge Morikawa3,365,270
0%
#15Christian FigueiredoChristian Figueiredo3,234,135
0%

Score Distribution

Percentile by Number Answered

Percent of People with Each Score

Your Score History

You have not taken this quiz